000 00587nam a22001817a 4500
003 UA-OsUOA
001 13891
007 ta
008 20030625b un ||||| |||| 00| 0 ukr d
100 _aКолодяжний М.
942 _cSA
040 _aUA-OsUOA
_cUA-OsUOA
_dUA-OsUOA
245 _aПерша спартакіада рад: [У с.Зоря Рівнен. р-ну , пройшло спорт. свято]
300 _aС.2
955 _a0
773 0 _w0
_tВісті Рівненщини
_dРівне
_d2003
_g№49/13 черв./
650 7 _aКраєзнавча робота
_2UDC
999 _c300052
_d300052